LEADER 00915nam0-22003011i-450- 001 990007412370403321 005 20050526092914.0 035 $a000741237 035 $aFED01000741237 035 $a(Aleph)000741237FED01 035 $a000741237 100 $a20030414d1934----km-y0itay50------ba 101 0 $aita 102 $aIT 105 $ay---n---001yy 200 1 $aDelitti e contravvenzioni nella legge sulle imposte di consumo$fMatteo Maffuccini$gcon pref. di Corso Bovio 210 $aRoma$cIl foro tributario$d1934 215 $aVIII, 204 p.$d24 cm 676 $a343.055$v21$zita 700 1$aMaffuccini,$bMatteo$0403656 702 1$aBovio,$bCorso 801 0$aIT$bUNINA$gRICA$2UNIMARC 901 $aBK 912 $a990007412370403321 952 $aDONO SCUTO XIV 4$b45708*$fFGBC 959 $aFGBC 996 $aDelitti e contravvenzioni nella legge sulle imposte di consumo$9677226 997 $aUNINA LEADER 01814nam--2200529---450- 001 990000321130203316 005 20090930113628.0 035 $a0032113 035 $aUSA010032113 035 $a(ALEPH)000032113USA01 035 $a0032113 100 $a20010109d1987----km-y0itay0103----ba 101 $aita 102 $aIT 105 $a||||||||001yy 200 1 $a<> diffusione delle conoscenze agrarie nel Mezzogiorno$ePuglia, Basilicata, provincia di Salerno$e1800-1915$fGiuseppe De Gennaro 210 $aSalerno$cCentro studi per il Cilento e il Vallo di Diano$d1987 215 $a182 p.$d21 cm 225 2 $aCollana economia e storia$v30 410 $12001$aCollana economia e storia 606 0 $aAgricoltura$yPuglia 606 0 $aAgricoltura$yBasilicata 676 $a338.1 700 1$aDE GENNARO,$bGiuseppe$0252098 801 0$aIT$bsalbc$gISBD 912 $a990000321130203316 951 $aXV.1.A. 1031(V G 1072)$b152809 L.M.$cV G$d00003257 951 $aXV.1.A. 1031 a (testi 619)$b64394 EC$cXV.1.A. (testi 619) 951 $aXV.1.A. 1031 b(testi 619)$b64393 EC$cXV.1.A. (testi 619) 951 $aV G 1072 B$b64393 LM$cV G 951 $aV G 1072 C$b64394 LM$cV G 951 $a300 338.109457 DEG$b2735 DISES 959 $aBK 969 $aUMA 969 $aDISES 979 $aPATTY$b90$c20010109$lUSA01$h1522 979 $aPATTY$b90$c20010626$lUSA01$h1224 979 $c20020403$lUSA01$h1640 979 $aPATRY$b90$c20040406$lUSA01$h1622 979 $aCOPAT6$b90$c20051129$lUSA01$h1021 979 $aRSIAV1$b90$c20090930$lUSA01$h1136 979 $c20121027$lUSA01$h1542 979 $c20121027$lUSA01$h1602 979 $c20121027$lUSA01$h1610 996 $aDiffusione delle conoscenze agrarie nel Mezzogiorno$9879015 997 $aUNISA DEB $aUSA14932